Tribunal General de la Unin̤ Europea

Detalles Bibliográficos
Título anterior:Tribunal de Primera Instancia de las Comunidades Europeas
Formato: eBook
Lenguaje:español
Publicado: Barcelona : vLex
Materias:
Acceso en línea:Acceso restringido

MARC

LEADER 00000nam a22000007a 4500
005 20120223131919.0
007 cr|||| ||||
008 120223c20099999sp |||| s||||i0|||b1spa d
035 |a 6019 
040 |a vLex 
090 |c 3030  |d 3030 
245 0 0 |a Tribunal General de la Unin̤ Europea  |h [Recurs electrṇic]  
256 |a Servei en linia 
260 |a Barcelona :  |b vLex 
300 |a 1 recurs electrṇic 
500 |a Aquesta font cont ̌les sentn̈cies dictades pel Tribunal General de la Unin̤ Europea desde 01/12/2009 en endavant. Les sentn̈cies anteriors es troben sota l'encapȧlament Tribunal de Primera Instancia de las Comunidades Europeas. 
506 1 |a Contingut disponible en els productes indicats  |d vLex Global   |d vLex Global (Academic Edition, excluding Law Schools)   |d vLex Global (U.S. Academic Edition, Law Schools)   |d vLex Global (U.S. Academic Edition, excluding Law Schools)   |d vLex Global (Academic Edition, Law Schools)  
610 2 |2 Tribunal General de la Unin̤ Europea 
650 0 4 |a Tribunal General de la Unin̤ Europea  |x Jurisprudn̈cia 
650 0 4 |a Sentn̈cies 
740 0 |a vLex Jurisprudn̈cia (Servei en linia) 
780 0 |a Tribunal de Primera Instancia de las Comunidades Europeas  |w 1688 
856 4 0 |u http://vlex.com/source/tribunal-general-union-europea-6019  |z Acceso restringido 
942 |c TR 
999 0 |a Jurisprudence  |b European Union countries